Hello in different languages Pt.1 - Statistics

General Stats
  • This quiz has been taken 15 times
  • The average score is 5 of 15
Answer Stats
Hint Answer % Correct
مرحبًا Arabic
92%
你好 Chinese
62%
你好 Cantonese
54%
Zdravo Bosnian
46%
прывітанне Belarusian
38%
здравей Bulgarian
38%
Ողջույն Armenian
31%
မင်္ဂလာပါ Burmese
31%
Zvrado Croatian
31%
Ahoj Czech
23%
Hallo Dutch
23%
Hallo Afrikaans
15%
Pershendetje Albanian
15%
Bonghjornu Corsican
15%
Hej Dainish
0%
No matching quizzes found
Score Distribution
Percent of People with Each Score
Percentile by Number Answered
Your Score History
You have not taken this quiz